<?xml version="1.0" encoding="UTF-8"?>
<collection xmlns="http://www.loc.gov/MARC21/slim">
<record>
  <controlfield tag="001">121888</controlfield>
  <controlfield tag="005">20241125101130.0</controlfield>
  <datafield tag="024" ind1="7" ind2=" ">
    <subfield code="2">doi</subfield>
    <subfield code="a">10.1002/smj.3485</subfield>
  </datafield>
  <datafield tag="024" ind1="8" ind2=" ">
    <subfield code="2">sideral</subfield>
    <subfield code="a">132216</subfield>
  </datafield>
  <datafield tag="037" ind1=" " ind2=" ">
    <subfield code="a">ART-2023-132216</subfield>
  </datafield>
  <datafield tag="041" ind1=" " ind2=" ">
    <subfield code="a">eng</subfield>
  </datafield>
  <datafield tag="100" ind1=" " ind2=" ">
    <subfield code="a">Garrido, Elisabet</subfield>
    <subfield code="u">Universidad de Zaragoza</subfield>
    <subfield code="0">(orcid)0000-0002-5071-0858</subfield>
  </datafield>
  <datafield tag="245" ind1=" " ind2=" ">
    <subfield code="a">Navigating windows of opportunity: The role of international experience</subfield>
  </datafield>
  <datafield tag="260" ind1=" " ind2=" ">
    <subfield code="c">2023</subfield>
  </datafield>
  <datafield tag="506" ind1="0" ind2=" ">
    <subfield code="a">Access copy available to the general public</subfield>
    <subfield code="f">Unrestricted</subfield>
  </datafield>
  <datafield tag="520" ind1="3" ind2=" ">
    <subfield code="a">Scholars have noted that pronounced changes in consumer demand and technology often offer firms temporary opportunities to strengthen their performance vis-à-vis rivals. This article contributes to the literature on windows of opportunity from an organizational learning perspective. It investigates whether the depth and breadth of a firm's international experience with pronounced changes in demand conditions (demand windows) and technologies (technological windows) affect its ability to take advantage of such changes within a country to increase its market share. The results, based on a sample of 615 telecommunication companies competing in 124 countries, suggest that mainly two out of four dimensions of international experience help firms to exploit windows of opportunity in a countr

Los académicos han observado que los cambios pronunciados en la demanda de los consumidores y en la tecnología a menudo ofrecen a las empresas oportunidades temporales para fortalecer su desempeño frente a sus rivales. Este artículo contribuye a la literatura sobre ventanas de oportunidad desde una perspectiva de aprendizaje organizacional. Investiga si la profundidad y amplitud de la experiencia internacional de una empresa con cambios pronunciados en las condiciones de la demanda (ventanas de demanda) y las tecnologías (ventanas tecnológicas) afectan su capacidad para aprovechar dichos cambios dentro de un país para aumentar su participación de mercado. Los resultados, basados ​​en una muestra de 615 empresas de telecomunicaciones que compiten en 124 países, sugieren que principalmente dos de las cuatro dimensiones de la experiencia internacional ayudan a las empresas a explotar las ventanas de oportunidad en un país.

¿Qué puede ayudar a las empresas multinacionales (EMN) a afrontar períodos de marcados cambios en la demanda y la tecnología? Cuando una multinacional se encuentra con un cambio marcado en la demanda o la tecnología en un país, es posible que ya haya experimentado en el pasado muchos o solo algunos de estos eventos, dependiendo de su huella internacional, y esto sirve para evaluar la experiencia internacional de la multinacional con tales cambios. . Utilizando datos sobre empresas de telecomunicaciones, mostramos que tanto (a) la exposición repetida de una multinacional a un cierto tipo de cambio a lo largo del tiempo ( profundidad de la experiencia internacional) como (b) la variedad de cambios a los que una multinacional ha estado expuesta ( amplitud de la experiencia internacional). ) en los mercados internacionales puede ayudar a la multinacional a obtener ventajas en participación de mercado cuando tales cambios ocurren en un país.</subfield>
  </datafield>
  <datafield tag="536" ind1=" " ind2=" ">
    <subfield code="9">info:eu-repo/grantAgreement/ES/DGA/S64-20R</subfield>
    <subfield code="9">info:eu-repo/grantAgreement/ES/MINECO/PID2020-113265GB-C21</subfield>
    <subfield code="9">info:eu-repo/grantAgreement/ES/MINECO/PID2020-113265GB-C22</subfield>
  </datafield>
  <datafield tag="540" ind1=" " ind2=" ">
    <subfield code="9">info:eu-repo/semantics/openAccess</subfield>
    <subfield code="a">by-nc-nd</subfield>
    <subfield code="u">http://creativecommons.org/licenses/by-nc-nd/3.0/es/</subfield>
  </datafield>
  <datafield tag="590" ind1=" " ind2=" ">
    <subfield code="a">6.5</subfield>
    <subfield code="b">2023</subfield>
  </datafield>
  <datafield tag="591" ind1=" " ind2=" ">
    <subfield code="a">MANAGEMENT</subfield>
    <subfield code="b">55 / 407 = 0.135</subfield>
    <subfield code="c">2023</subfield>
    <subfield code="d">Q1</subfield>
    <subfield code="e">T1</subfield>
  </datafield>
  <datafield tag="591" ind1=" " ind2=" ">
    <subfield code="a">BUSINESS</subfield>
    <subfield code="b">39 / 304 = 0.128</subfield>
    <subfield code="c">2023</subfield>
    <subfield code="d">Q1</subfield>
    <subfield code="e">T1</subfield>
  </datafield>
  <datafield tag="592" ind1=" " ind2=" ">
    <subfield code="a">7.82</subfield>
    <subfield code="b">2023</subfield>
  </datafield>
  <datafield tag="593" ind1=" " ind2=" ">
    <subfield code="a">Strategy and Management</subfield>
    <subfield code="c">2023</subfield>
    <subfield code="d">Q1</subfield>
  </datafield>
  <datafield tag="593" ind1=" " ind2=" ">
    <subfield code="a">Business and International Management</subfield>
    <subfield code="c">2023</subfield>
    <subfield code="d">Q1</subfield>
  </datafield>
  <datafield tag="594" ind1=" " ind2=" ">
    <subfield code="a">13.7</subfield>
    <subfield code="b">2023</subfield>
  </datafield>
  <datafield tag="655" ind1=" " ind2="4">
    <subfield code="a">info:eu-repo/semantics/article</subfield>
    <subfield code="v">info:eu-repo/semantics/publishedVersion</subfield>
  </datafield>
  <datafield tag="700" ind1=" " ind2=" ">
    <subfield code="a">Giachetti, Claudio</subfield>
  </datafield>
  <datafield tag="700" ind1=" " ind2=" ">
    <subfield code="a">Maicas, Juan P.</subfield>
    <subfield code="u">Universidad de Zaragoza</subfield>
    <subfield code="0">(orcid)0000-0001-7710-9002</subfield>
  </datafield>
  <datafield tag="710" ind1="2" ind2=" ">
    <subfield code="1">4012</subfield>
    <subfield code="2">650</subfield>
    <subfield code="a">Universidad de Zaragoza</subfield>
    <subfield code="b">Dpto. Direcc.Organiza.Empresas</subfield>
    <subfield code="c">Área Organización de Empresas</subfield>
  </datafield>
  <datafield tag="773" ind1=" " ind2=" ">
    <subfield code="g">44, 8 (2023), 1911-1938</subfield>
    <subfield code="p">Strateg. manage. j.</subfield>
    <subfield code="t">STRATEGIC MANAGEMENT JOURNAL</subfield>
    <subfield code="x">0143-2095</subfield>
  </datafield>
  <datafield tag="856" ind1="4" ind2=" ">
    <subfield code="s">6738686</subfield>
    <subfield code="u">http://zaguan.unizar.es/record/121888/files/texto_completo.pdf</subfield>
    <subfield code="y">Versión publicada</subfield>
  </datafield>
  <datafield tag="856" ind1="4" ind2=" ">
    <subfield code="s">1686464</subfield>
    <subfield code="u">http://zaguan.unizar.es/record/121888/files/texto_completo.jpg?subformat=icon</subfield>
    <subfield code="x">icon</subfield>
    <subfield code="y">Versión publicada</subfield>
  </datafield>
  <datafield tag="909" ind1="C" ind2="O">
    <subfield code="o">oai:zaguan.unizar.es:121888</subfield>
    <subfield code="p">articulos</subfield>
    <subfield code="p">driver</subfield>
  </datafield>
  <datafield tag="951" ind1=" " ind2=" ">
    <subfield code="a">2024-11-22-11:58:46</subfield>
  </datafield>
  <datafield tag="980" ind1=" " ind2=" ">
    <subfield code="a">ARTICLE</subfield>
  </datafield>
</record>
</collection>